000 00603nam a2200241Ia 4500
003 OSt
005 20221005131433.0
006 a|||||r|||| 00| 0
007 ta
008 221004b |||||||| |||| 00| 0 eng d
024 _a53088
037 _cTextual
040 _aCRL
_cCRL
_beng
041 _2eng
_aeng
082 _aTu2:C, J0
100 _aKunhan Raja C
245 0 _aSome aspects of education in ancient India.
260 _c1950
490 _aAdyar library series,73.
650 _aEDUCATION
942 _hTu2:C, J0
_cTEXL
_2cc
999 _c1060340
_d1060340